Zákoník práce a předpisy souvisící

Bibliographic Details
Main Author: Bernard, František (Author)
Format: Book
Language:Czech
PhysicalDescription:433 s. 8°
Published: Praha Práce 1981
Edition:9. vyd.

MARC

LEADER 00000nam a2200000 a 4500
001 vtls001277272
003 SK-MaSNL
005 20260301155205.0
008 240313s1981 xr 0 cze
035 |a SNK000228537 
040 |a SNK  |b slo  |c SNK  |e AACR2 
044 |a xr  |c CZ 
100 1 |a Bernard, František  |4 aut  |9 286371 
245 1 |a Zákoník práce a předpisy souvisící  |c František Bernard a kol. 
250 |a 9. vyd. 
260 |a Praha  |b Práce  |c 1981 
300 |a 433 s.  |c 8° 
958 |a OND 
999 |c 799883  |d 801813 
952 |t P60, <04>, [BOOK], {604}  |a SNK  |b SNK  |y VYP  |7 0  |o snkID 88807  |i snkD 1118/89  |0 0  |1 0  |4 0  |d 1997-02-24  |l 0  |r 2005-01-02 00:00:00  |w 2026-02-24 
952 |t P60, <04>, [BOOK], {604}  |a SNK  |b SNK  |y VYP  |7 0  |o snkID 88807 D1  |i snkD 3176/89  |0 0  |1 0  |4 0  |d 1997-02-24  |l 0  |r 2005-01-02 00:00:00  |w 2026-02-24